Frontiers of globalization : (Record no. 18562)

MARC details
000 -LEADER
fixed length control field 02097cam a22003374a 4500
001 - CONTROL NUMBER
control field 16465520
003 - CONTROL NUMBER IDENTIFIER
control field AUA.1
005 - DATE AND TIME OF LATEST TRANSACTION
control field 20180425175924.0
008 - FIXED-LENGTH DATA ELEMENTS--GENERAL INFORMATION
fixed length control field 100919s2011 nju b 001 0 eng
010 ## - LIBRARY OF CONGRESS CONTROL NUMBER
LC control number 2010038844
020 ## - INTERNATIONAL STANDARD BOOK NUMBER
International Standard Book Number 1592217710 (cloth : alk. paper)
020 ## - INTERNATIONAL STANDARD BOOK NUMBER
International Standard Book Number 1592217729 (pbk. : alk. paper)
040 ## - CATALOGING SOURCE
Original cataloging agency DLC
Transcribing agency DLC
043 ## - GEOGRAPHIC AREA CODE
Geographic area code f------
050 00 - LIBRARY OF CONGRESS CALL NUMBER
Classification number HQ691
Item number .F76 2011
082 00 - DEWEY DECIMAL CLASSIFICATION NUMBER
Classification number 306.850967
Edition number 22
245 00 - TITLE STATEMENT
Title Frontiers of globalization :
Remainder of title kinship and family structures in Africa /
Statement of responsibility, etc edited by Ana Marta Gonzâlez, Laurie DeRose, and Florence Oloo.
260 ## - PUBLICATION, DISTRIBUTION, ETC. (IMPRINT)
Place of publication, distribution, etc Trenton, NJ :
Name of publisher, distributor, etc Africa World Press,
Date of publication, distribution, etc 2011.
300 ## - PHYSICAL DESCRIPTION
Extent xxii, 290 p. ;
Dimensions 22 cm.
504 ## - BIBLIOGRAPHY, ETC. NOTE
Bibliography, etc Includes bibliographical references (p. 272-279) and index.
505 0# - FORMATTED CONTENTS NOTE
Formatted contents note Changes in African families : a review of anthropological and sociological approaches towards family and kinship in Africa / Erdmute Alber and Astrid Bochow -- Stretched and strained but not broken : kinship in contemporary Nigeria / Daniel Jordan Smith -- Child trafficking in West Africa? / Erdmute Alber -- An approach to the concept of family in the African Union / Paloma Durán y Lalaguna -- Legislating marriage : globalization and family law reform in West Africa / Susanna D. Wing -- Matrifocality, patriarchy and globalization : changing family forms in a south African city / Leslie Bank -- Towards a different kind of freedom : notes on historicizing globalization and women in Africa / Abena P.A. Busia -- African masculinities, relationships, and sexualities / Victor Seidler -- Religion and HIV risk / Laurie DeRose.
650 #0 - SUBJECT ADDED ENTRY--TOPICAL TERM
Topical term or geographic name as entry element Families
Geographic subdivision Africa.
9 (RLIN) 15308
650 #0 - SUBJECT ADDED ENTRY--TOPICAL TERM
Topical term or geographic name as entry element Globalization
Geographic subdivision Africa.
651 #0 - SUBJECT ADDED ENTRY--GEOGRAPHIC NAME
Geographic name Africa
General subdivision Social conditions
Chronological subdivision 21st century.
700 1# - ADDED ENTRY--PERSONAL NAME
Personal name González, Ana Marta,
Dates associated with a name 1969-
Relator term ed.
700 1# - ADDED ENTRY--PERSONAL NAME
Personal name DeRose, Laurie Fields,
Dates associated with a name 1968-
Relator term ed.
700 1# - ADDED ENTRY--PERSONAL NAME
Personal name Oloo, Florence.
Relator term ed.
906 ## - LOCAL DATA ELEMENT F, LDF (RLIN)
a 7
b cbc
c orignew
d 1
e ecip
f 20
g y-gencatlg
942 ## - ADDED ENTRY ELEMENTS (KOHA)
Source of classification or shelving scheme Library of Congress Classification
Koha item type Books
Classification part HQ 691
Item part .F76 2011
Holdings
Withdrawn status Lost status Source of classification or shelving scheme Damaged status Not for loan Collection code Home library Current library Shelving location Date acquired Source of acquisition Cost, normal purchase price Serial Enumeration / chronology Full call number Barcode Date last seen Cost, replacement price Price effective from Koha item type
    Library of Congress Classification     Books Judith Thomas Library Judith Thomas Library General Stacks 19/06/2017 Bought by JTL 37.67 AUA21637 HQ 691 .F76 2011 AUA21637 19/06/2017 37.67 19/06/2017 Books